Dobývání znalostí z databází

Gespeichert in:
Bibliographische Detailangaben
1. Verfasser: Berka, Petr
Format: Buch
Sprache:Tschechisch
Veröffentlicht: Praha ACADEMIA 2003
Schlagworte:
Tags: Tag hinzufügen
Keine Tags, Fügen Sie das erste Tag hinzu!

MARC

LEADER 00000nam$a2200000$$$4500
001 0018681
005 20230113120042.5
020 |a 80-200-1062-9 
041 0 |a cze 
044 |a CZ 
245 1 0 |a Dobývání znalostí z databází  |c Petr Berka 
264 1 |a Praha  |b ACADEMIA  |c 2003 
300 |a 366 s. 
610 2 0 |a dolovanie dát 
610 2 0 |a báza dát 
610 2 0 |a štatistika 
610 2 0 |a modelovanie 
610 2 0 |a dáta 
610 2 0 |a systémy znalostné 
100 1 |a Berka, Petr